Normal view
MARC view
- State-space methods
Entry Topical Term
001 - CONTROL NUMBER
- control field: 94036
003 - CONTROL NUMBER IDENTIFIER
- control field: NUST
005 - DATE AND TIME OF LATEST TRANSACTION
- control field: 20220720122526.0
008 - FIXED-LENGTH DATA ELEMENTS
- fixed length control field: 220720|| aca||aabn | a|a d
040 ## - CATALOGING SOURCE
- Original cataloging agency: NUST
- Transcribing agency: NUST
150 ## - HEADING--TOPICAL TERM
- Topical term or geographic name entry element: State-space methods
670 ## - SOURCE DATA FOUND
- Source citation: Work cat.: (NUST)174714: DeCarlo, Raymond A., 73627, Linear systems :, c1989.
